Prvky :) - Statistics

General Stats
  • This quiz has been taken 93 times
  • The average score is 32 of 40
Answer Stats
Hint Answer % Correct
H vodik
98%
O kyslik
96%
Au zlato
96%
N dusik
91%
He helium
91%
Fe zelezo
91%
K draslik
89%
Al hlinik
89%
Cu med
89%
Mg horcik
87%
Co kobalt
87%
Ag stribro
87%
C uhlik
87%
Mn mangan
85%
Pb olovo
85%
Zn zinek
85%
I jod
83%
Si kremik
83%
Na sodik
83%
Ca vapnik
83%
Br brom
80%
Cl chlor
80%
P fosfor
80%
Li lithium
80%
Ni nikl
80%
Ar argon
78%
Ne neon
78%
S sira
78%
W wolfram
78%
Os osmium
76%
V vanad
76%
B bor
74%
As arsen
72%
F fluor
72%
Pt platina
72%
Hg rtut
72%
Cr chrom
70%
Sn cin
65%
At astat
63%
Sb antimon
59%
No matching quizzes found
Score Distribution
Percent of People with Each Score
Percentile by Number Answered
Your Score History
You have not taken this quiz